Tratado de documentoscopía: la falsedad documental (Registro nro. 3832)
[ vista simple ]
| 000 -Cabecera | |
|---|---|
| Campo de control de longitud fija | 01327aam a2200481 4500 |
| 005 - Fecha y hora de la última transacción | |
| Campo de control | 20251121150959.0 |
| 008 - Elementos de longitud fija--Información general | |
| Campo de control de longitud fija | 150310b xxu||||| |||| 00| 0 spa d |
| 020 ## - International Standard Book Number | |
| Número Internacional Estándar del Libro (ISBN) | 9789875170988 |
| 041 ## - Idioma | |
| Código de idioma | Español |
| 082 ## - Clasificación Decimal Dewey | |
| Número de clasificación | 363.256.5 D331t |
| 100 ## - Entrada principal--Autor personal | |
| Nombre personal | Del Picchia, José |
| 9 (RLIN) | 5641 |
| 245 ## - Título propiamente dicho | |
| Título | Tratado de documentoscopía: la falsedad documental |
| 250 ## - Edición | |
| Mención de edición | 2 edición |
| 260 ## - Pie de imprenta | |
| Lugar de publicación, distribución, etc. | Argentina |
| 260 ## - Pie de imprenta | |
| Nombre del editor, distribuidor, etc. | La Rocca |
| 260 ## - Pie de imprenta | |
| Fecha de publicación, distribución, etc. | 2006 |
| 300 ## - Descripción física | |
| Extensión | 864 páginas |
| 490 ## - Serie | |
| Título de la Serie | Investigación Criminal |
| 505 ## - Nota de contenido | |
| Nota de contenido | Contiene disco compacto N° 435 |
| 650 ## - Materia general | |
| Temática (materia general) | DOCUMENTOSCOPÍA |
| 650 ## - Materia general | |
| Temática (materia general) | HISTORA |
| 650 ## - Materia general | |
| Temática (materia general) | GRAFODOCUMENTOSCOPÍA |
| 650 ## - Materia general | |
| Temática (materia general) | GRAFOSCOPÍA |
| 650 ## - Materia general | |
| Temática (materia general) | PRUEBA PERICIAL |
| 650 ## - Materia general | |
| Temática (materia general) | GRAFISMO |
| 650 ## - Materia general | |
| Temática (materia general) | TEXTOS COMPUTARIZADOS |
| 650 ## - Materia general | |
| Temática (materia general) | DOCUMENTOS CUESTIONADOS |
| 650 ## - Materia general | |
| Temática (materia general) | GRAFOCINÉTICA |
| 650 ## - Materia general | |
| Temática (materia general) | SISTEMAS CALIGRÁFICOS |
| 650 ## - Materia general | |
| Temática (materia general) | FALSEDAD DOCUMENTAL |
| 650 ## - Materia general | |
| Temática (materia general) | FALSIFICACIONES |
| 650 ## - Materia general | |
| Temática (materia general) | CALCOS |
| 650 ## - Materia general | |
| Temática (materia general) | DOCUMENTOS FOTOGRAFIADOS |
| 650 ## - Materia general | |
| Temática (materia general) | ALTERACIÓN FÍSICA DEL DOCUMENTO |
| 650 ## - Materia general | |
| Temática (materia general) | DOCUMENTOS EN BLANCO |
| 650 ## - Materia general | |
| Temática (materia general) | FONOGRAMÁTICA |
| 650 ## - Materia general | |
| Temática (materia general) | PINACOLOGÍA |
| 650 ## - Materia general | |
| Temática (materia general) | DOCUMENTOS DE IDENTIDAD |
| 650 ## - Materia general | |
| Temática (materia general) | IDENTIFICACIÓN DE LA VOZ |
| 650 ## - Materia general | |
| Temática (materia general) | IMPRESIONES DIGITALES |
| 650 ## - Materia general | |
| Temática (materia general) | CARTAS ANONIMAS |
| 942 ## - Punto de acceso adicional KOHA | |
| Tipo de ítem KOHA | Libro |
| Fuente del sistema de clasificación o colocación | Dewey Decimal Classification |
| Signatura completa | Código de barras | Programa Académico | Tipo de ítem |
|---|---|---|---|
| 363.256.5 D331t | 12807 | Investigación Criminal | Libro |
| 363.256.5 D331t | 12824 | Investigación Criminal | Libro |
| 435 DC | 435ADC | Investigación Criminal | Disco Compacto |
| 435 DC | 435BDC | Investigación Criminal | Disco Compacto |